000 00991nam a22002777a 4500
001 7475
003 FISKH
005 20250718140003.0
008 250718b cb ||||| |||| 00| 0 eng d
020 _a9780823988662
040 _aFISKH
_beng
_cFISKH
_dFISKH
050 _aQA115.F546
082 _a513.211
100 _aFigorito, Marcus
245 _aLet's play basketball ! :
_bLearning addition facts to 10 /
_cBy Marcus Figorito
260 _aNew York :
_bRosen Classroom ,
_c2004.
300 _a12 pages :
_bcolor illustrations ;
_c22 cm .
505 _aF
520 _aThis eBook is a slam dunk Kids will learn about basketball s rules, plays, and how to find or form a team to play on. Meanwhile, they'll also be learning addition facts involving numbers up to 10."
521 8 _a300
_bLexile estimate
521 8 _aF
_bRaz-Plus
650 _aNumbers and counting
_vNon-fiction
700 _aChurley, Ron A.
_eDesigner
942 _2ddc
_cBK
_n0
999 _c7475
_d7475